00000000cam 2200000zi 4500
0019.961557
003CaOODSP
00520260605125655
006m     o  d f      
007cr cn ||||||||
008260331e202603##onca    ob   f000 0 fre d
020 |a9780660993546
040 |aCaOODSP|bfre|erda|cCaOODSP
043 |an-cn---
0861 |aHP45-41/2026F-PDF
24500|aGestion des risques associés à la possibilté de double usage dans la recherche en sciences de la vie.
24617|aLigne directrice sur la biosécurité
264 1|aOttawa (Ontario) : |bGouvernement du Canada = Government of Canada, |cmars 2026.
264 4|c©2026
300 |a1 ressource en ligne (viii, 53 pages) : |billustrations
336 |atexte|btxt|2rdacontent/fre
337 |ainformatique|bc|2rdamedia/fre
338 |aressource en ligne|bcr|2rdacarrier/fre
500 |aPublié aussi en anglais sous le titre : Risk management for dual-use potential in life science research.
504 |aComprend des références bibliographiques.
520 |a« La ligne directrice Gestion des risques associés à la possibilité de double usage dans la recherche en sciences de la vie a été élaborée par l'ASPC et l'ACIA dans le cadre d'une série de publications électroniques qui portent sur les concepts de biosécurité et de biosûreté abordés dans la Norme canadienne sur la biosécurité, troisième édition (NCB). La présente ligne directrice fournit des renseignements et des considérations sur la manière d'évaluer la possibilité de double usage dans la recherche en sciences de la vie impliquant des agents pathogènes, des toxines ou d'autres matières biologiques, et sur la manière de gérer les risques associés »--page v.
650 6|aBiosécurité|xPolitique gouvernementale|zCanada.
650 6|aBiosécurité|xÉvaluation du risque|zCanada.
650 6|aSciences de la vie|xRecherche|xÉvaluation du risque|zCanada.
7102 |aAgence de santé publique du Canada, |eorganisme de publication.
77508|tRisk management for dual-use potential in life science research.|w(CaOODSP)9.961556
85640|qPDF|s7.24 Mo|uhttps://publications.gc.ca/collections/collection_2026/aspc-phac/HP45-41-2026-fra.pdf
8564 |qHTML|sN/A|uhttps://www.canada.ca/fr/sante-publique/services/normes-lignes-directrices-canadiennes-biosecurite/directrices/gestion-risques-associes-possibilite-double-usage-recherche-sciences-vie.html
986 |a250506